| 000 | 00816nam a2200205 a 4500 | ||
|---|---|---|---|
| 001 | BRCA_1912 | ||
| 005 | 20190320203611.0 | ||
| 008 | 060608s1999----sp-a---###---#000-0#spa-# | ||
| 020 | _a8436931343 | ||
| 050 | 4 |
_aNX562 _b.E87 1999 |
|
| 245 | 1 | 0 |
_aEsplendor de España, 1598-1648 _bde Cervantes a Velázquez. |
| 260 |
_aEspaña _bMinisterio de Asuntos Exteriores : Ministerio de Educación y Cultura _c1999 |
||
| 300 |
_a285 p. _bil. (algunas a color) _c30 cm. |
||
| 500 | _aCatálogo de la exposición realizada en la Fundación ´De Niewe Kerk´ (Amsterdam, Holanda), 20 noviembre - 8 marzo, 1999 | ||
| 504 | _aBibligrafía : p. 280-283 | ||
| 650 | 1 | 4 |
_aArte _xHistoria _y1598-1648 _zEspaña _95896 |
| 650 | 1 | 4 |
_aRenacimiento _ySiglo XVI _zEspaña _95897 |
| 650 | 1 | 4 |
_aBarroco _ySiglo XVII _zEspaña _95898 |
| 942 |
_2lcc _cB |
||
| 999 |
_c1684 _d1684 |
||